[Event "Rated Blitz game"]
[Site "?"]
[Date "2021.03.06"]
[Round "?"]
[White "e4c5g3"]
[Black "Schachelite"]
[Result "0-1"]
[WhiteElo "2442"]
[BlackElo "2423"]
[PlyCount "58"]
[EventDate "2021.??.??"]
[EventType "blitz"]

1. e4 e5 2. Nf3 d5 3. d4 dxe4 4. Nxe5 Bd6 5. Nc4 Nf6 6. Nxd6+ Qxd6 7. Nc3 Nc6
8. Be3 O-O 9. Qd2 Rd8 10. O-O-O Bg4 11. Be2 Bxe2 12. Nxe2 Nd5 13. a3 b5 14. Nf4
a5 15. Nxd5 Qxd5 16. Qc3 b4 17. Qb3 bxa3 18. Qxd5 axb2+ 19. Kxb2 Rxd5 20. c4
Rb8+ 21. Ka3 Rdd8 22. d5 Ne5 23. Rd4 Rb4 24. Rc1 Nd3 25. Rc3 Rdb8 26. Rxe4 Rb1
27. Rc2 f5 28. Re7 R8b3+ 29. Ka2 Nb4# {Normal} 0-1

[Event "Rated Blitz game"]
[Site "?"]
[Date "2021.03.06"]
[Round "?"]
[White "StegariuVlad"]
[Black "Fantastic_power06"]
[Result "0-1"]
[WhiteElo "2630"]
[BlackElo "2645"]
[PlyCount "204"]
[EventDate "2021.??.??"]
[EventType "blitz"]

1. e4 e5 2. Nf3 d5 3. d3 Nc6 4. Be2 f5 5. exd5 Qxd5 6. Nc3 Bb4 7. Bd2 Bxc3 8.
Bxc3 Nf6 9. O-O Be6 10. Re1 O-O-O 11. Ng5 e4 12. Nxe6 Qxe6 13. Qd2 Rhe8 14. Qg5
Ne5 15. dxe4 Nxe4 16. Qe3 Nxc3 17. Qxc3 Qc6 18. Qxc6 Nxc6 19. Bd3 g6 20. Rxe8
Rxe8 21. a3 Nd4 22. Kf1 c6 23. Rd1 Kc7 24. h4 Re7 25. g3 Nf3 26. Kg2 Ne1+ 27.
Kf1 Nf3 28. h5 b5 29. h6 a5 30. c3 Ne5 31. Be2 Nf7 32. a4 bxa4 33. Ra1 Nxh6 34.
Rxa4 Kb6 35. Rh4 Ng8 36. Rd4 Nf6 37. Rd8 Ne4 38. Bd3 Nc5 39. Bc4 Na4 40. Rd2 g5
41. Bb3 Nc5 42. Bc2 Ne4 43. Re2 h5 44. Kg2 g4 45. f3 gxf3+ 46. Kxf3 Ng5+ 47.
Kf2 Rf7 48. Re5 Ne4+ 49. Bxe4 fxe4+ 50. Kg2 Rd7 51. Rxh5 Rd2+ 52. Kh3 Rxb2 53.
Re5 Re2 54. g4 a4 55. g5 a3 56. Re8 a2 57. Ra8 Kb7 58. Ra4 e3 59. g6 Re1 60.
Rxa2 e2 61. g7 Rg1 62. Rxe2 Rxg7 63. Rg2 Rf7 64. Kg3 Kb6 65. Rf2 Re7 66. Kf3
Kc5 67. Re2 Rf7+ 68. Ke3 Kc4 69. Kd2 Ra7 70. Re4+ Kd5 71. Rh4 Rg7 72. Kd3 Kc5
73. Kc2 Rb7 74. Rh5+ Kd6 75. Kd3 Rd7 76. c4 Kc7+ 77. Kc3 Re7 78. Rh4 Rd7 79.
Rh3 Rd8 80. Rd3 Rc8 81. Rd4 Kb6 82. Rd3 Kc7 83. Rd4 Rb8 84. Rd3 Ra8 85. Rd4 Ra1
86. Rd3 Rh1 87. Kb3 Rb1+ 88. Kc3 Rb8 89. Rd4 Ra8 90. Rd3 Ra7 91. Kb3 Ra6 92.
Kc2 Kb6 93. Rc3 c5 94. Rb3+ Kc6 95. Ra3 Rxa3 96. Kb2 Ra7 97. Kb3 Rb7+ 98. Kc3
Rb4 99. Kc2 Kb6 100. Kc3 Ka5 101. Kd3 Ka4 102. Kc2 Rxc4+ {Time forfeit} 0-1

[Event "Rated Blitz tournament mar21bta"]
[Site "?"]
[Date "2021.03.06"]
[Round "?"]
[White "Gamza_Juventus"]
[Black "KrAKeN_1"]
[Result "0-1"]
[WhiteElo "2606"]
[BlackElo "2507"]
[PlyCount "110"]
[EventDate "2021.??.??"]
[EventType "blitz"]

1. e4 e5 2. Nf3 d5 3. Nxe5 Bd6 4. d4 dxe4 5. Bc4 Bxe5 6. Qh5 Qe7 7. Qxe5 Qxe5
8. dxe5 Nc6 9. Bf4 Bf5 10. Bb5 Nge7 11. Nc3 O-O-O 12. Bg5 Rhe8 13. O-O h6 14.
Bh4 g5 15. Bg3 a6 16. Bc4 Rf8 17. Rfe1 Ng6 18. Nxe4 Ngxe5 19. Bb3 Bg6 20. Bxe5
Nxe5 21. Nxg5 Nd3 22. Nxf7 Nxe1 23. Nxd8 Nxc2 24. Ne6 Nxa1 25. Nxf8 Nxb3 26.
Nxg6 Nc1 27. a3 Nd3 28. b3 Nc1 29. b4 Ne2+ 30. Kf1 Nd4 31. Ne5 Nc2 32. Ng4 h5
33. Nf6 h4 34. g3 hxg3 35. fxg3 Nxa3 36. h4 Kd8 37. h5 Ke7 38. Nd5+ Kf7 39.
Nxc7 Nc2 40. b5 a5 41. Nd5 a4 42. Nc3 a3 43. Na2 Nd4 44. b6 Nf5 45. Kf2 Kf6 46.
g4 Ne7 47. Kf3 Nd5 48. Ke4 Nxb6 49. Kf4 Nd5+ 50. Ke4 Nc7 51. Kf4 b5 52. g5+ Kg7
53. Kf5 b4 54. Nxb4 Nd5 55. Na2 Ne7+ {Time forfeit} 0-1

[Event "Rated Blitz tournament mar21bta"]
[Site "?"]
[Date "2021.03.06"]
[Round "?"]
[White "KaanC"]
[Black "KrAKeN_1"]
[Result "0-1"]
[WhiteElo "2401"]
[BlackElo "2448"]
[PlyCount "52"]
[EventDate "2021.??.??"]
[EventType "blitz"]

1. e4 e5 2. Nf3 d5 3. exd5 e4 4. Qe2 Nf6 5. Nc3 Be7 6. Nxe4 Nxd5 7. g3 O-O 8.
Bg2 Re8 9. O-O c5 10. d3 Nc6 11. c3 Bg4 12. Qc2 Qd7 13. Bd2 Qf5 14. Ne1 Be2 15.
f4 Bxf1 16. Bxf1 c4 17. dxc4 Nf6 18. Nxf6+ Qxf6 19. Bg2 Rad8 20. Nf3 Bc5+ 21.
Kh1 Re2 22. Re1 Rdxd2 23. Rxe2 Rxc2 24. Rxc2 Qe6 25. h3 Qxc4 26. Re2 Qxe2 {
Normal} 0-1

[Event "Rated Blitz tournament mar21bta"]
[Site "?"]
[Date "2021.03.06"]
[Round "?"]
[White "MeneerMandje"]
[Black "fuglfonix"]
[Result "1-0"]
[WhiteElo "2550"]
[BlackElo "2314"]
[PlyCount "41"]
[EventDate "2021.??.??"]
[EventType "blitz"]

1. e4 e5 2. Nf3 d5 3. Nxe5 Bd6 4. d4 dxe4 5. Bc4 Bxe5 6. Qh5 Qe7 7. dxe5 Nc6 8.
Bf4 Be6 9. Bxe6 Qxe6 10. Nc3 O-O-O 11. O-O g6 12. Qh4 Nxe5 13. Rad1 Ne7 14.
Nxe4 Nf5 15. Qh3 h5 16. Bg5 Rxd1 17. Rxd1 Ng4 18. Qc3 Re8 19. f3 Ne5 20. Nc5
Qb6 21. Qxe5 {Normal} 1-0

[Event "Rated Blitz tournament mar21bta"]
[Site "?"]
[Date "2021.03.06"]
[Round "?"]
[White "FasterPhanter"]
[Black "karinachess11"]
[Result "0-1"]
[WhiteElo "2342"]
[BlackElo "2493"]
[PlyCount "78"]
[EventDate "2021.??.??"]
[EventType "blitz"]

1. e4 e5 2. Nf3 d5 3. Nxe5 Bd6 4. d4 dxe4 5. Bc4 Bxe5 6. Qh5 Qe7 7. Qxe5 Nc6 8.
Qxg7 Qf6 9. Bxf7+ Ke7 10. Bg5 Qxg5 11. Qxg5+ Kxf7 12. Nc3 Nf6 13. O-O-O Bd7 14.
d5 Ne7 15. d6 Rhg8 16. Qc5 cxd6 17. Rxd6 Rac8 18. Qd4 Be6 19. Nxe4 Nxe4 20.
Qxe4 Bf5 21. Qxb7 Rxc2+ 22. Kd1 Rgc8 23. Qb3+ Kg7 24. Qg3+ Kf7 25. Qb3+ Kg7 26.
Rd2 Rc1+ 27. Ke2 Rxh1 28. Qg3+ Kf7 29. Qf4 Rg1 30. g3 Rcc1 31. f3 Rg2+ 32. Ke3
Re1+ 33. Kd4 Rxd2+ 34. Qxd2 Re6 35. Kc3 Rc6+ 36. Kb4 Be6 37. Qf4+ Ke8 38. g4
Nd5+ 39. Kb5 Rb6+ {Normal} 0-1

[Event "Rated Blitz game"]
[Site "?"]
[Date "2021.03.06"]
[Round "?"]
[White "danieljaber"]
[Black "Gifroy"]
[Result "0-1"]
[WhiteElo "2374"]
[BlackElo "2431"]
[PlyCount "110"]
[EventDate "2021.??.??"]
[EventType "blitz"]

1. e4 e5 2. Nf3 d5 3. exd5 e4 4. Ne5 Qxd5 5. d4 exd3 6. Nxd3 Nc6 7. Nc3 Bb4 8.
Bd2 Bxc3 9. Bxc3 Nf6 10. Qf3 Qxf3 11. gxf3 Bf5 12. O-O-O O-O-O 13. Rg1 Bg6 14.
Bh3+ Kb8 15. Nf4 Rhe8 16. Rxd8+ Rxd8 17. Re1 a6 18. Rd1 Rxd1+ 19. Kxd1 Ne7 20.
Bb4 Ned5 21. Nxd5 Nxd5 22. Bf8 Nf4 23. Bf1 Ne6 24. Bb4 c5 25. Bc3 f6 26. Bc4
Nd4 27. Bxd4 cxd4 28. Kd2 Kc7 29. Bd3 Kd6 30. Bxg6 hxg6 31. Kd3 Kd5 32. f4 b6
33. b4 g5 34. fxg5 fxg5 35. h3 g6 36. a4 b5 37. a5 Ke5 38. f3 Kd5 39. c3 dxc3
40. Kxc3 Ke5 41. Kd3 Kf4 42. Ke2 Kg3 43. Ke3 Kxh3 44. f4 g4 45. f5 gxf5 46. Kd4
g3 47. Kc5 g2 48. Kb6 g1=Q+ 49. Kxa6 Qf1 50. Kb6 Qc4 51. a6 Qxb4 52. a7 Qa4 53.
Kb7 b4 54. a8=Q Qxa8+ 55. Kxa8 b3 {Normal} 0-1

[Event "Rated Blitz tournament dNJVRcK7"]
[Site "?"]
[Date "2021.03.05"]
[Round "?"]
[White "dbestsmiles"]
[Black "Warlock001"]
[Result "1-0"]
[WhiteElo "2456"]
[BlackElo "2317"]
[PlyCount "125"]
[EventDate "2021.??.??"]
[EventType "blitz"]

1. e4 e5 2. Nf3 d5 3. exd5 e4 4. Ne5 Qxd5 5. d4 exd3 6. Nxd3 Nf6 7. Nc3 Qd8 8.
Be2 Bd6 9. O-O O-O 10. Bg5 Bf5 11. Bf3 c6 12. Re1 Nbd7 13. Qd2 Qc7 14. h3 h6
15. Bf4 Bxd3 16. Bxd6 Qxd6 17. cxd3 Ne5 18. Be4 Nxe4 19. Nxe4 Qxd3 20. Qf4 Ng6
21. Qf5 Rad8 22. Re3 Qd5 23. Qf3 c5 24. Rae1 c4 25. Qg4 b5 26. Nc3 Qc5 27. Ne4
Qb4 28. R3e2 Rd5 29. Qf3 Rfd8 30. Nc3 Rd3 31. Qf5 a6 32. h4 Qd6 33. h5 Nf8 34.
Re4 Ne6 35. Rg4 Ng5 36. Ne4 Nxe4 37. Rgxe4 Rd2 38. Re8+ Qf8 39. Rxf8+ Rxf8 40.
Rb1 Re8 41. Qf3 Ree2 42. b3 cxb3 43. axb3 Re6 44. Rc1 Rd8 45. g3 Rf8 46. Kg2
Rf6 47. Qg4 Re8 48. Rc3 Ree6 49. Rf3 Rxf3 50. Qxf3 Rf6 51. Qa8+ Kh7 52. Qb7 Kg8
53. Qc8+ Kh7 54. Qc3 Kg8 55. Qd3 Re6 56. f4 Rf6 57. Kf3 Re6 58. g4 Rf6 59. Kg3
Re6 60. g5 hxg5 61. fxg5 Re8 62. Qd7 Re6 63. g6 {Time forfeit} 1-0

[Event "Rated Blitz game"]
[Site "?"]
[Date "2021.03.05"]
[Round "?"]
[White "ThxYou"]
[Black "KamranShirazi"]
[Result "0-1"]
[WhiteElo "2336"]
[BlackElo "2437"]
[PlyCount "68"]
[EventDate "2021.??.??"]
[EventType "blitz"]

1. e4 e5 2. Nf3 d5 3. exd5 e4 4. Bb5+ c6 5. dxc6 bxc6 6. Bc4 exf3 7. O-O fxg2
8. Re1+ Be7 9. Qh5 g6 10. Qf3 Be6 11. Bxe6 fxe6 12. Rxe6 Qd5 13. Re4 Nd7 14.
Nc3 Qf5 15. Qe3 Ndf6 16. Re5 Ng4 17. Rxf5 Nxe3 18. Re5 Nxc2 19. Rb1 Nd4 20.
Kxg2 Kf7 21. d3 Nf6 22. Bg5 Rhe8 23. Rbe1 Nf5 24. Ra5 Nd5 25. Nxd5 cxd5 26.
Bxe7 Rxe7 27. Rxe7+ Nxe7 28. b4 Nc6 29. Rb5 Rb8 30. Rc5 Nxb4 31. Rc7+ Kf6 32.
Rxa7 Nxd3 33. Rd7 Rb2 34. Rxd5 Nf4+ {Normal} 0-1

[Event "Rated Blitz game"]
[Site "?"]
[Date "2021.03.05"]
[Round "?"]
[White "LANATER2020"]
[Black "philip_simon_din"]
[Result "1-0"]
[WhiteElo "2428"]
[BlackElo "2281"]
[PlyCount "73"]
[EventDate "2021.??.??"]
[EventType "blitz"]

1. e4 e5 2. Nf3 d5 3. Nxe5 Qe7 4. d4 f6 5. Nd3 Nc6 6. Qh5+ g6 7. Qxd5 Be6 8.
Qb5 O-O-O 9. c3 f5 10. e5 Bg7 11. Nc5 Re8 12. Qxb7+ Kd8 13. Qxc6 Bc8 14. f4 g5
15. Ba6 gxf4 16. Bxf4 Qh4+ 17. g3 Ne7 18. Qxe8+ Rxe8 19. gxh4 Nd5 20. Bg5+ Bf6
21. Bxc8 Kxc8 22. Bxf6 Nxf6 23. Nd2 h5 24. O-O-O Nd5 25. Rdf1 f4 26. c4 Nb4 27.
a3 Nc6 28. Rxf4 a5 29. Rhf1 Nd8 30. Rf8 Re7 31. e6 a4 32. d5 Rg7 33. Rxd8+ Kxd8
34. Rf8+ Ke7 35. Rf7+ Kd6 36. Rxg7 Kxc5 37. Rg5 {Normal} 1-0

[Event "Rated Blitz game"]
[Site "?"]
[Date "2021.03.05"]
[Round "?"]
[White "RaschnRukk"]
[Black "Gifroy"]
[Result "1-0"]
[WhiteElo "2566"]
[BlackElo "2428"]
[PlyCount "45"]
[EventDate "2021.??.??"]
[EventType "blitz"]

1. e4 e5 2. Nf3 d5 3. Nxe5 Bd6 4. d4 dxe4 5. Nc3 Bxe5 6. dxe5 Qxd1+ 7. Kxd1 Bf5
8. Be3 Nc6 9. Bb5 Nge7 10. Ke1 h6 11. h3 O-O-O 12. g4 Bh7 13. Bxc6 Nxc6 14. Bf4
Rhe8 15. Rd1 Rxd1+ 16. Kxd1 Nxe5 17. Bxe5 Rxe5 18. Kd2 g6 19. Ke3 f5 20. gxf5
g5 21. f6 Re6 22. Nd5 c6 23. f7 {Normal} 1-0

[Event "Rated Blitz game"]
[Site "?"]
[Date "2021.03.05"]
[Round "?"]
[White "Vyka"]
[Black "xenta_absenta"]
[Result "1-0"]
[WhiteElo "2526"]
[BlackElo "2406"]
[PlyCount "95"]
[EventDate "2021.??.??"]
[EventType "blitz"]

1. e4 e5 2. Nf3 d5 3. Nxe5 Bd6 4. d4 dxe4 5. Bc4 Bxe5 6. Qh5 Qf6 7. dxe5 Qg6 8.
Qxg6 hxg6 9. Nc3 Nc6 10. Bf4 Bf5 11. O-O-O Nge7 12. h3 Na5 13. Bb5+ c6 14. Be2
b6 15. g4 Be6 16. Nxe4 O-O 17. Nc3 Rad8 18. b3 Nd5 19. Nxd5 Bxd5 20. Rhe1 Nb7
21. c4 Be6 22. Bf3 Nc5 23. Kc2 Rc8 24. Rd6 b5 25. Be3 Nb7 26. Rxc6 bxc4 27.
Rxc8 cxb3+ 28. Kb2 Rxc8 29. axb3 Na5 30. Ra1 Nxb3 31. Rxa7 Rb8 32. Kc3 Rc8+ 33.
Kb4 Rb8+ 34. Ka3 Rc8 35. Be4 Rc3 36. Kb2 Rc8 37. f4 Nc5 38. Bc2 Rb8+ 39. Kc1
Nb3+ 40. Kd1 Rd8+ 41. Ke2 Nd4+ 42. Bxd4 Rxd4 43. Ke3 Rc4 44. Bd3 Rc3 45. Kd4
Rc8 46. f5 Rd8+ 47. Ke3 Bc8 48. fxg6 {Normal} 1-0

[Event "Rated Blitz game"]
[Site "?"]
[Date "2021.03.05"]
[Round "?"]
[White "Johndebayonne"]
[Black "BashkimMa"]
[Result "0-1"]
[WhiteElo "2445"]
[BlackElo "2362"]
[PlyCount "28"]
[EventDate "2021.??.??"]
[EventType "blitz"]

1. e4 e5 2. Nf3 d5 3. exd5 e4 4. Qe2 Nf6 5. d3 Qxd5 6. Nc3 Bb4 7. Bd2 Bxc3 8.
Bxc3 O-O 9. dxe4 Nxe4 10. Rd1 Qc6 11. Bxg7 Kxg7 12. Ne5 Qa4 13. Qe3 Qa5+ 14. c3
Qxe5 {Normal} 0-1

[Event "Rated Blitz game"]
[Site "?"]
[Date "2021.03.05"]
[Round "?"]
[White "Roland_inho"]
[Black "KamranShirazi"]
[Result "1-0"]
[WhiteElo "2430"]
[BlackElo "2476"]
[PlyCount "117"]
[EventDate "2021.??.??"]
[EventType "blitz"]

1. e4 e5 2. Nf3 d5 3. exd5 e4 4. Qe2 f5 5. d3 Nf6 6. dxe4 fxe4 7. Nc3 Bb4 8.
Qb5+ c6 9. Qxb4 exf3 10. Bg5 cxd5 11. O-O-O Nc6 12. Qb3 O-O 13. Nxd5 Na5 14.
Nxf6+ Kh8 15. Rxd8 Nxb3+ 16. axb3 Rxd8 17. gxf3 h6 18. Bh4 Rf8 19. Nd5 Rxf3 20.
Bg2 Rf7 21. Re1 Bf5 22. Bg3 Rc8 23. c4 b5 24. Ne7 Rxe7 25. Rxe7 bxc4 26. Bb7
Rc5 27. Bd6 Rb5 28. bxc4 Ra5 29. Bd5 Kh7 30. Be5 Kg6 31. Rxg7+ Kh5 32. Bf3+ Kh4
33. Kd2 Rxe5 34. Kc3 a5 35. Kd4 Re1 36. c5 Rb1 37. Rb7 a4 38. c6 a3 39. bxa3
Rc1 40. c7 Kh3 41. a4 Kxh2 42. a5 Kg1 43. Be4 Kxf2 44. Bxf5 Rd1+ 45. Ke5 Re1+
46. Kf6 Rc1 47. c8=Q Rxc8 48. Bxc8 h5 49. a6 h4 50. a7 h3 51. Bxh3 Kg3 52. Bc8
Kh2 53. a8=Q Kg3 54. Qa6 Kf4 55. Rb5 Ke3 56. Qa4 Kd3 57. Rb3+ Kc2 58. Qa2+ Kc1
59. Rb1# {Normal} 1-0

[Event "Rated Blitz tournament j8fdjbKw"]
[Site "?"]
[Date "2021.03.05"]
[Round "?"]
[White "renr8360"]
[Black "vovaches"]
[Result "1-0"]
[WhiteElo "2348"]
[BlackElo "2586"]
[PlyCount "73"]
[EventDate "2021.??.??"]
[EventType "blitz"]

1. e4 e5 2. Nf3 d5 3. Nc3 dxe4 4. Nxe4 Nf6 5. Ng3 Bd6 6. Bc4 O-O 7. d3 Nc6 8.
O-O Re8 9. h3 h6 10. Be3 Be6 11. Bb3 a5 12. a3 Bxb3 13. cxb3 Qd7 14. Qd2 Rad8
15. Rad1 Bf8 16. Nh4 Nd5 17. Ngf5 Kh7 18. Qe2 g6 19. Ng3 Nf4 20. Qf3 Nd4 21.
Bxd4 Qxd4 22. Ne4 Bg7 23. g3 Nxh3+ 24. Kg2 Ng5 25. Qg4 Qd5 26. Kh2 Nxe4 27.
dxe4 Qxb3 28. Rd7 h5 29. Qh3 Qxb2 30. Rxf7 Rf8 31. Qe6 Rd6 32. Qe7 Rxf7 33.
Qxf7 Rf6 34. Qxc7 Rxf2+ 35. Rxf2 Qxf2+ 36. Ng2 Qe1 37. Nxe1 {Normal} 1-0

[Event "Rated Blitz game"]
[Site "?"]
[Date "2021.03.05"]
[Round "?"]
[White "hicus"]
[Black "Gifroy"]
[Result "1-0"]
[WhiteElo "2361"]
[BlackElo "2444"]
[PlyCount "109"]
[EventDate "2021.??.??"]
[EventType "blitz"]

1. e4 e5 2. Nf3 d5 3. exd5 e4 4. Qe2 Nf6 5. d3 Qxd5 6. dxe4 Qxe4 7. Bg5 Qxe2+
8. Bxe2 Be7 9. Nc3 h6 10. Bf4 Bf5 11. Nd4 Bg6 12. Bxc7 O-O 13. O-O-O Rc8 14.
Bg3 Bb4 15. Ndb5 Na6 16. a3 Ba5 17. Nd6 Rc6 18. Bf3 Rb6 19. Na4 Rxd6 20. Bxd6
Rc8 21. c3 Be4 22. b4 b5 23. Nc5 Nxc5 24. Bxc5 Bb6 25. Bxb6 Rxc3+ 26. Kd2 Rc2+
27. Ke3 Bxf3 28. gxf3 axb6 29. Rd3 Rc6 30. Rhd1 Re6+ 31. Kd2 Nh5 32. Rd5 Nf4
33. Rxb5 Re2+ 34. Kc1 Ra2 35. Kb1 Rxa3 36. Rxb6 Rxf3 37. Kb2 Rxf2+ 38. Kc3 Rf3+
39. Kc4 Ne6 40. Rbd6 Rf4+ 41. Kb3 Rf3+ 42. R6d3 Rf2 43. Ka4 Rf5 44. Rd5 Rf3 45.
b5 Rf4+ 46. Ka5 Rf2 47. Rb1 Ra2+ 48. Kb6 Nf4 49. Rc5 Ne6 50. Rc4 Ra8 51. Kb7
Rd8 52. b6 Rd7+ 53. Ka6 Nd4 54. b7 Rd8 55. b8=Q {Normal} 1-0

[Event "Rated Blitz game"]
[Site "?"]
[Date "2021.03.05"]
[Round "?"]
[White "Stalnoi_Danik"]
[Black "pasha1984"]
[Result "1/2-1/2"]
[WhiteElo "2470"]
[BlackElo "2430"]
[PlyCount "85"]
[EventDate "2021.??.??"]
[EventType "blitz"]

1. e4 e5 2. Nf3 d5 3. exd5 e4 4. Qe2 Nf6 5. d3 Qxd5 6. Nc3 Bb4 7. Bd2 Bxc3 8.
Bxc3 O-O 9. dxe4 Nxe4 10. Qd3 Nxc3 11. Qxc3 Re8+ 12. Be2 Nc6 13. Rd1 Qxa2 14.
O-O Bg4 15. Bc4 Qa5 16. Qb3 Qh5 17. Qxb7 Bxf3 18. gxf3 Na5 19. Qxc7 Rac8 20.
Bxf7+ Qxf7 21. Qxa5 Qxf3 22. Qd5+ Qxd5 23. Rxd5 Rxc2 24. Ra1 Re7 25. b4 h6 26.
b5 Rf7 27. Rf1 Rb2 28. Kg2 Rb7 29. Ra1 Rf7 30. Rf1 Kh7 31. Kg3 Rb3+ 32. f3 Kg6
33. h4 h5 34. Rg5+ Kh6 35. Rc5 g6 36. Rd5 Rb7 37. Ra1 Rf7 38. Rf1 Kg7 39. Rc5
Kf8 40. Rg5 Kg7 41. Rc5 Rb7 42. Ra1 Rf7 43. Rf1 {Normal} 1/2-1/2

[Event "Rated Blitz game"]
[Site "?"]
[Date "2021.03.05"]
[Round "?"]
[White "Korkmaz16"]
[Black "KamranShirazi"]
[Result "0-1"]
[WhiteElo "2448"]
[BlackElo "2474"]
[PlyCount "76"]
[EventDate "2021.??.??"]
[EventType "blitz"]

1. e4 e5 2. Nf3 d5 3. Nxe5 Bd6 4. d4 dxe4 5. Nc4 Nc6 6. Nc3 Be7 7. d5 Nb4 8. a3
Na6 9. Nxe4 Nf6 10. Nxf6+ Bxf6 11. Be2 O-O 12. O-O Re8 13. Bf3 Nc5 14. d6 cxd6
15. Qxd6 Be6 16. Qxc5 Rc8 17. Qxa7 Bxc4 18. Bxb7 Bxf1 19. Bxc8 Qxc8 20. Be3
Bxg2 21. Kxg2 Bxb2 22. Re1 Qxc2 23. a4 Bc3 24. Rc1 Qg6+ 25. Kf1 Qd3+ 26. Kg2 h5
27. Qc5 Be5 28. Qc4 Qg6+ 29. Kh1 Re6 30. Rg1 Qf5 31. a5 Qf3+ 32. Rg2 Rg6 33.
Qf1 h4 34. h3 Qxh3+ 35. Kg1 Bh2+ 36. Kh1 Bc7+ 37. Kg1 Kh7 38. Rxg6 Qh2# {Normal
} 0-1

[Event "Rated Blitz game"]
[Site "?"]
[Date "2021.03.05"]
[Round "?"]
[White "Sibelius_92"]
[Black "Gifroy"]
[Result "1-0"]
[WhiteElo "2470"]
[BlackElo "2482"]
[PlyCount "37"]
[EventDate "2021.??.??"]
[EventType "blitz"]

1. e4 e5 2. Nf3 d5 3. exd5 e4 4. Ne5 Qxd5 5. d4 exd3 6. Nxd3 Nc6 7. Nc3 Bb4 8.
Bd2 Bxc3 9. Bxc3 Nf6 10. Be2 Qxg2 11. Bf3 Qg6 12. Qe2+ Be6 13. O-O-O O-O 14.
Rhg1 Qh6+ 15. Kb1 Bc4 16. Bxc6 bxc6 17. Qe5 Bxd3 18. Rxd3 Ne8 19. Rh3 {Normal}
1-0

[Event "Rated Blitz game"]
[Site "?"]
[Date "2021.03.05"]
[Round "?"]
[White "LupusVetus"]
[Black "ferricerve"]
[Result "0-1"]
[WhiteElo "2456"]
[BlackElo "2495"]
[PlyCount "130"]
[EventDate "2021.??.??"]
[EventType "blitz"]

1. e4 e5 2. Nf3 d5 3. Nxe5 Bd6 4. d4 dxe4 5. Bc4 Bxe5 6. Qh5 Qe7 7. Qxe5 Qxe5
8. dxe5 Nc6 9. Bf4 Nge7 10. Nc3 Ng6 11. Bg3 Ngxe5 12. Bb3 Bf5 13. O-O-O O-O 14.
Rhe1 Rfe8 15. Nxe4 Na5 16. Ba4 Re7 17. Rd5 Nac4 18. Bb3 Rae8 19. Bxe5 Nxe5 20.
f4 Bxe4 21. Rxe4 Nc6 22. Rxe7 Rxe7 23. Kd2 g6 24. c3 Kg7 25. Bc2 f5 26. b4 Kf6
27. a4 Nb8 28. a5 Nd7 29. g3 Nf8 30. Rd8 Ne6 31. Rb8 b6 32. a6 c5 33. Bb3 cxb4
34. cxb4 Nd4 35. Rf8+ Kg7 36. Rg8+ Kh6 37. Bc4 Nf3+ 38. Kd3 Nxh2 39. Rb8 Ng4
40. Rb7 Nf2+ 41. Kd4 Re4+ 42. Kd5 Ng4 43. Bb5 Rxb4 44. Bc6 Nf6+ 45. Ke6 Ne4 46.
Rxa7 Nc5+ 47. Kd6 Rd4+ 48. Kc7 Rd3 49. Kxb6 Nxa6 50. Rxa6 Rxg3 51. Ra4 Rb3+ 52.
Kc5 Kh5 53. Kd6 h6 54. Bf3+ Kh4 55. Ra6 Rxf3 56. Ke5 g5 57. Rxh6+ Kg4 58. fxg5
Kxg5 59. Rh8 Re3+ 60. Kd4 Re7 61. Kd3 Kf4 62. Rh1 Kg3 63. Rg1+ Kf2 64. Rg5 f4
65. Rh5 f3 {Normal} 0-1

[Event "Rated Blitz game"]
[Site "?"]
[Date "2021.03.05"]
[Round "?"]
[White "hicus"]
[Black "Gifroy"]
[Result "1/2-1/2"]
[WhiteElo "2364"]
[BlackElo "2432"]
[PlyCount "153"]
[EventDate "2021.??.??"]
[EventType "blitz"]

1. e4 e5 2. Nf3 d5 3. exd5 e4 4. Qe2 Nf6 5. d3 Qxd5 6. dxe4 Qxe4 7. Bg5 Qxe2+
8. Bxe2 Be7 9. Nc3 O-O 10. O-O h6 11. Bf4 Bf5 12. Rac1 Nc6 13. Bxc7 Rac8 14.
Bg3 Nb4 15. Nd4 Bg6 16. a3 Bc5 17. Rfd1 Bxd4 18. Rxd4 Nxc2 19. Rd2 Rfd8 20.
Rdxc2 Bxc2 21. Rxc2 Ne4 22. h3 Nxc3 23. bxc3 a6 24. c4 Rc5 25. a4 b5 26. axb5
axb5 27. Bf4 bxc4 28. Be3 Rc6 29. Rxc4 Rxc4 30. Bxc4 Rc8 31. Be2 Rc2 32. Bf3
Rc7 33. g4 g5 34. Kg2 Kg7 35. Kg3 Rd7 36. Be4 f6 37. Bf5 Rd5 38. h4 Ra5 39. h5
Rb5 40. Kf3 Rd5 41. Ke4 Rd8 42. Bd4 Re8+ 43. Kd3 Rd8 44. f3 Kf7 45. Kc4 Re8 46.
Be4 Rb8 47. Bc5 Rb2 48. Bd5+ Kg7 49. Bd4 Rc2+ 50. Kd3 Rc1 51. Be3 Rd1+ 52. Ke4
Re1 53. Bc4 Ra1 54. Bd5 Ra4+ 55. Bd4 Ra5 56. Bc6 Ra6 57. Kd5 Ra5+ 58. Bc5 Kf7
59. Kd6 Ra1 60. Bd5+ Kg7 61. Bb6 Re1 62. Bd4 Re2 63. Bc5 Re1 64. Kc6 Re2 65.
Kd6 Re1 66. Kc6 Rc1 67. Kd6 Rd1 68. Kc6 Re1 69. Kd6 Re2 70. Kc6 Re8 71. Kd6
Rd8+ 72. Kc6 Rc8+ 73. Kd6 Rd8+ 74. Kc6 Re8 75. Kd6 Re3 76. Kc6 Re2 77. Kd6 {
Normal} 1/2-1/2

[Event "Rated Blitz game"]
[Site "?"]
[Date "2021.03.05"]
[Round "?"]
[White "welplay"]
[Black "Gifroy"]
[Result "0-1"]
[WhiteElo "2337"]
[BlackElo "2425"]
[PlyCount "84"]
[EventDate "2021.??.??"]
[EventType "blitz"]

1. e4 e5 2. Nf3 d5 3. d4 dxe4 4. Nxe5 Bd6 5. Bc4 Bxe5 6. Qh5 Qe7 7. Qxe5 Qxe5
8. dxe5 Nc6 9. Bb5 Nge7 10. Nc3 Bf5 11. Bf4 O-O-O 12. O-O h6 13. h3 Ng6 14.
Bxc6 bxc6 15. Bg3 Rhe8 16. Rfe1 Nxe5 17. Nxe4 Nc4 18. f3 Nxb2 19. Rab1 Nc4 20.
Rb4 Nb6 21. a4 a5 22. Rb3 Bxe4 23. fxe4 Rd4 24. Rf1 f6 25. e5 fxe5 26. Rf7 Rd7
27. Rbf3 Ree7 28. Rf8+ Kb7 29. Rb3 Rd4 30. Bf2 Rxa4 31. c3 Ra1+ 32. Kh2 a4 33.
Rb4 a3 34. Bxb6 cxb6 35. Ra4 b5 36. Ra5 Kb6 37. Rfa8 e4 38. Rxa3 Rxa3 39. Rxa3
e3 40. Ra1 Kc5 41. Kg3 e2 42. Kf2 e1=Q+ {Normal} 0-1

[Event "Rated Blitz game"]
[Site "?"]
[Date "2021.03.05"]
[Round "?"]
[White "Oleg_Perfilov"]
[Black "Schachelite"]
[Result "1-0"]
[WhiteElo "2310"]
[BlackElo "2406"]
[PlyCount "29"]
[EventDate "2021.??.??"]
[EventType "blitz"]

1. e4 e5 2. Nf3 d5 3. exd5 e4 4. Ne5 Qxd5 5. d4 exd3 6. Nxd3 Nf6 7. Nc3 Qf5 8.
Be2 c6 9. O-O Bd6 10. Bf3 O-O 11. h3 Be6 12. Re1 Nbd7 13. Ne4 Be7 14. Ng3 Qg6
15. Nf4 {Normal} 1-0

[Event "Rated Blitz game"]
[Site "?"]
[Date "2021.03.05"]
[Round "?"]
[White "samqr33"]
[Black "Blind2250"]
[Result "0-1"]
[WhiteElo "2376"]
[BlackElo "2400"]
[PlyCount "168"]
[EventDate "2021.??.??"]
[EventType "blitz"]

1. e4 e5 2. Nf3 d5 3. Nxe5 Bd6 4. d4 dxe4 5. Nc4 Nf6 6. Nxd6+ Qxd6 7. c4 O-O 8.
Nc3 Nc6 9. Be3 Bg4 10. Qd2 Rad8 11. h3 Bc8 12. O-O-O Bf5 13. g4 Bg6 14. Be2 Nb4
15. h4 h6 16. Kb1 Nd3 17. g5 hxg5 18. hxg5 Nd7 19. f3 c5 20. Bxd3 exd3 21. Bf4
Qxd4 22. Qh2 f6 23. Nb5 d2+ 24. Ka1 Qd3 25. Rxd2 Qxf3 26. Nd6 Bh5 27. g6 Ne5
28. Qxh5 Qxh5 29. Rxh5 Nxg6 30. Bg3 Rd7 31. Rdh2 Rfd8 32. Rxc5 Rxd6 33. Bxd6
Rxd6 34. b3 Rd7 35. a4 Ne5 36. Rd5 Re7 37. Re2 Kf7 38. Ka2 g5 39. c5 Kg6 40. b4
Kf5 41. b5 g4 42. c6 bxc6 43. bxc6 Rc7 44. Rc5 Kf4 45. Rf2+ Nf3 46. Kb3 g3 47.
Rfc2 Nd4+ 48. Kc3 Nxc2 49. Kxc2 Kf3 50. Kd3 g2 51. Rf5+ Kg3 52. Rxf6 g1=Q 53.
Rg6+ Kf2 54. Rxg1 Kxg1 55. Kc4 Rxc6+ 56. Kb5 Rh6 57. a5 Kf2 58. Kc5 Ke3 59. Kb5
Kd3 60. Kc5 Kc3 61. Kb5 Kb3 62. Kc5 Ka3 63. Kc4 Rh5 64. a6 Ka4 65. Kd4 Rh6 66.
Ke4 Rxa6 67. Kd5 Rb6 68. Ke4 Rb8 69. Kd4 a5 70. Kc4 Ka3 71. Kc5 a4 72. Kc6 Rb2
73. Kc7 Ka2 74. Kc6 Kb1 75. Kc5 a3 76. Kc4 a2 77. Kc3 a1=Q 78. Kd4 Qa3 79. Ke5
Rb4 80. Kd5 Qa4 81. Kc5 Qa5+ 82. Kc6 Rb6+ 83. Kc7 Qa7+ 84. Kc8 Rb8# {Normal}
0-1

[Event "Rated Blitz tournament j8fdjbKw"]
[Site "?"]
[Date "2021.03.05"]
[Round "?"]
[White "kr1st1an6"]
[Black "vovaches"]
[Result "0-1"]
[WhiteElo "2366"]
[BlackElo "2601"]
[PlyCount "38"]
[EventDate "2021.??.??"]
[EventType "blitz"]

1. e4 e5 2. Nf3 d5 3. exd5 e4 4. Ne5 Qxd5 5. d4 exd3 6. Nxd3 Nf6 7. Nc3 Qf5 8.
Be2 Bd6 9. O-O O-O 10. h3 Re8 11. Bf3 Nc6 12. Re1 Bd7 13. Be3 Ne5 14. Nxe5 Qxe5
15. g3 Bxh3 16. Bf4 Qf5 17. Rxe8+ Rxe8 18. Bxd6 Re1+ 19. Qxe1 Qxf3 {Normal} 0-1